| 000 | 00649nam a22002057a 4500 | ||
|---|---|---|---|
| 999 |
_c14882 _d14882 |
||
| 003 | AR-CdUCM | ||
| 008 | 190425b ||||| |||| 00| 0 spa d | ||
| 040 |
_aMUNICIPALIDAD PROVINCIAL DEL CUSCO _cBIBLIOTECA MUNICIPAL DEL CUSCO |
||
| 082 |
_aC / 340.4 / _bE99 |
||
| 100 |
_aEzquerra G, Jorge _933842 |
||
| 245 | _aDefensa libre y defensa cautiva / | ||
| 260 |
_aCuzco : _bUNSAAC, _c1951. |
||
| 300 |
_a85 hojas ; _c32 cm. |
||
| 505 | _aCausas jurÃdicas -- El abogado -- El juez -- Vacaciones judiciales -- Escribanos... | ||
| 650 |
_aDerecho. _9739 |
||
| 650 |
_aTesis. _91981 |
||
| 650 |
_aDefensa. _92293 |
||
| 942 |
_2ddc _cTESIS |
||
| 945 | _awfj | ||